|
|
|
|
| LEADER |
00000cam a2200000 7i4500 |
| 001 |
0000008020 |
| 002 |
000008754 |
| 005 |
20010822.0 |
| 020 |
|
|
|a 0809480123
|
| 090 |
0 |
0 |
|a 500
|b ROD
|
| 245 |
0 |
0 |
|a Roda dan sayap
|
| 260 |
|
|
|a s.l. :
|b Time Life Asia ,
|c 1989
|
| 300 |
|
|
|a 87p. :
|b ill ;
|c 30cm.
|
| 490 |
0 |
|
|a Pustaka Asas Kanak-kanak
|
| 650 |
0 |
0 |
|a Transportation
|x Juvenile literature
|
| 999 |
|
|
|a 00070986
|b BUKU
|c JUNIOR BOOKS
|e PERPUSTAKAAN KOMUNITI PETALING JAYA
|
| 999 |
|
|
|a 00105761
|b BUKU
|c JUNIOR REFERENCE
|e PERPUSTAKAAN KOMUNITI PETALING JAYA
|
| 999 |
|
|
|a 16326
|b BUKU
|c PINJAMAN
|e PERPUSTAKAAN KOMUNITI PETALING JAYA
|